| 000 | 00966cab a22002055a 4500 | ||
|---|---|---|---|
| 001 | L141610 | ||
| 008 | 071205e20071116xxkad f s 000 0 eng d | ||
| 035 | _a(Sirsi) u141610 | ||
| 041 | 0 | _aeng | |
| 100 | 1 | _aHeap, Richard | |
| 245 | 0 | 0 |
_aRegional report _bWest End |
| 260 | _c2006 | ||
| 490 | 0 |
_aProperty Week _v72(46) 16 November 2007, 91-110(10) |
|
| 520 | _aReports on news and deals from the local market. Discusses how West End office rents and yields are likely to perform in the first two quarters of 2008 as the credit crunch continues. Reports on plans to turn Mount Street, Mayfair into a society spot. Discusses the New West End Company development plans. Reports on Westminster Property Owners Association concerns about renewable energy targets and the development of the West End until 2025. | ||
| 590 | _aKA | ||
| 651 | 4 | _aLondon | |
| 690 | _aPROPERTY-COMMERCIAL PROPERTY-COMMERCIAL PROPERTY MARKET | ||
| 700 | 1 | _aChesters, Laura | |
| 942 | _n0 | ||
| 999 |
_c79542 _d79542 |
||